| 000 | 00703nam a22002057a 4500 | ||
|---|---|---|---|
| 999 |
_c18874 _d18874 |
||
| 003 | AR-CdUCM | ||
| 008 | 190515b ||||| |||| 00| 0 spa d | ||
| 040 |
_aMUNICIPALIDAD PROVINCIAL DEL CUSCO _cBIBLIOTECA MUNICIPAL DEL CUSCO |
||
| 082 |
_a331.04 / _bP59 |
||
| 100 |
_aPinilla, Antonio _96881 |
||
| 245 | _aAyudando a los trabajadores / | ||
| 260 |
_aLima : _bPanamericana, _c[1959]. |
||
| 300 |
_a169 páginas ; _c22 cm. |
||
| 505 | _aContenido : Satisfacción base del rendimiento -- ¿Que desean los trabajadores? -- ¿Que es el trabajo? ... | ||
| 650 |
_aTrabajadores _98056 |
||
| 650 |
_aSociales _928612 |
||
| 650 |
_aComunicación _94985 |
||
| 942 |
_2ddc _cLIBROS |
||
| 945 |
_arah _d2019/05/15 |
||